[Event "Scarborough CC Jack Frost U2000"]
[Site "Toronto CAN"]
[Date "2011.01.13"]
[Round "2"]
[White "Ward, Dean"]
[Black "Verde, Pino"]
[Result "0-1"]
[WhiteElo "1821"]
[BlackElo "1724"]
[PlyCount "76"]
[GameId "2160767909829666"]
[EventDate "2011.01.06"]
[EventType "swiss"]
[EventRounds "7"]
[EventCountry "CAN"]

1. d4 Nf6 2. c4 g6 3. Nc3 Bg7 4. e4 d6 5. Nge2 O-O 6. g3 Nc6 7. Bg2 e5 8. d5 Ne7 9. O-O a6 10. h3 Bd7 11. Be3 Qc8 12. Kh2 b5 13. c5 b4 14. Na4 Nxe4 15. Bxe4 Bxh3 16. Bg2 Bxg2 17. Kxg2 Qg4 18. f3 Qc4 19. cxd6 Nxd5 20. Bf2 Rad8 21. b3 Qb5 22. Rc1 cxd6 23. Rc4 f5 24. Rh1 f4 25. gxf4 exf4 26. Nd4 Ne3+ 27. Bxe3 Qg5+ 28. Kf1 fxe3 29. Ne6 Qg3 30. Rc2 Rxf3+ 31. Ke2 Rf2+ 32. Kd3 e2+ 33. Kc4 exd1=Q 34. Kxb4 Rb8+ 35. Nb6 Qxc2 36. Ka5 Qe5+ 37. Kxa6 Qc8+ 38. Nxc8 Rxa2# 0-1

[Event "Scarborough CC Jack Frost U2000"]
[Site "Toronto CAN"]
[Date "2011.01.13"]
[Round "2"]
[White "Zhou, Kevin"]
[Black "Sharpe, Michael"]
[Result "1-0"]
[WhiteElo "1700"]
[BlackElo "1897"]
[PlyCount "47"]
[GameId "2160767909829668"]
[EventDate "2011.01.06"]
[EventType "swiss"]
[EventRounds "7"]
[EventCountry "CAN"]

1. e4 c5 2. Nf3 d6 3. d4 cxd4 4. Nxd4 Nf6 5. Nc3 a6 6. Be2 e5 7. Nb3 b5 8. O-O Bb7 9. Bg5 Be7 10. Bxf6 Bxf6 11. a4 bxa4 12. Rxa4 O-O 13. Bc4 g6 14. Qd3 Bg7 15. Rd1 Bc6 16. Raa1 Qh4 17. Qxd6 Rc8 18. Na5 Be8 19. Bd5 Ra7 20. Bb7 Bf8 21. Qxe5 Rd8 22. Rxd8 Qxd8 23. Rd1 Nd7 24. Qd4 1-0

[Event "Scarborough CC Jack Frost U2000"]
[Site "Toronto CAN"]
[Date "2011.01.20"]
[Round "3"]
[White "Bellomo, Joe"]
[Black "Armstrong, Robert J"]
[Result "1-0"]
[WhiteElo "1819"]
[BlackElo "1701"]
[PlyCount "67"]
[GameId "2160767909829669"]
[EventDate "2011.01.06"]
[EventType "swiss"]
[EventRounds "7"]
[EventCountry "CAN"]

1. e4 g6 2. d4 Bg7 3. Nf3 d6 4. Be2 Nf6 5. Nc3 O-O 6. O-O Nc6 7. Re1 e5 8. d5 Ne7 9. Bf1 Nd7 10. Ng5 h6 11. Nf3 f5 12. exf5 gxf5 13. Nh4 Qe8 14. Be2 Nf6 15. f4 e4 16. g3 Qf7 17. Nb5 Nexd5 18. Bc4 Be6 19. Nd4 Nxf4 20. Bxf4 Bxc4 21. Ndxf5 d5 22. Nxg7 Kxg7 23. Nf5+ Kh7 24. Nxh6 Qg6 25. Kh1 Nh5 26. Ng4 Nxf4 27. gxf4 Rxf4 28. Rg1 e3 29. Nxe3 Qe4+ 30. Rg2 Rh4 31. Nxc4 Qxc4 32. Qf3 Qd4 33. Qf7+ Kh8 34. Rag1 1-0

[Event "Scarborough CC Jack Frost U2000"]
[Site "Toronto CAN"]
[Date "2011.01.20"]
[Round "3"]
[White "Manalo, Pepin"]
[Black "Moran-Venegas, Mario"]
[Result "0-1"]
[WhiteElo "1811"]
[BlackElo "1693"]
[PlyCount "123"]
[GameId "2160767909829670"]
[EventDate "2011.01.06"]
[EventType "swiss"]
[EventRounds "7"]
[EventCountry "CAN"]

1. e4 e5 2. Nf3 Nc6 3. Bb5 a6 4. Ba4 Nf6 5. d4 b5 6. Bb3 exd4 7. e5 Bb4+ 8. c3 dxc3 9. bxc3 Be7 10. exf6 Bxf6 11. O-O O-O 12. Qd3 d6 13. Bc2 g6 14. Bh6 Re8 15. Nd4 Nxd4 16. cxd4 Bf5 17. Qd2 Bxc2 18. Qxc2 Bxd4 19. Nd2 Bxa1 20. Rxa1 Qf6 21. Rc1 Re7 22. Nf3 Rae8 23. h4 Qh8 24. Qc6 Qb2 25. Qxa6 Re2 26. Rf1 Qxa2 27. Qxb5 Qb2 28. Qd7 R2e7 29. Qg4 c5 30. Qf4 Rd7 31. Bg5 Re6 32. Qa4 Qb7 33. Rc1 f6 34. Bh6 Kf7 35. Qa2 Rde7 36. Rb1 Qa7 37. Qd5 Ke8 38. Qc6+ Kf7 39. Qc8 Re8 40. Qc6 Rb8 41. Rxb8 Qxb8 42. Bf4 Qf8 43. Qd5 h6 44. Nd2 g5 45. hxg5 hxg5 46. Bg3 Ke7 47. Ne4 Qb8 48. f3 Qb1+ 49. Kh2 Qb6 50. Qf5 Qd8 51. Qh7+ Ke8 52. Qg6+ Kd7 53. Qf7+ Qe7 54. Qg6 d5 55. Nc3 Kc6 56. Qd3 Rd6 57. Qb5+ Kc7 58. Qxc5+ Kd7 59. Bxd6 Qxd6+ 60. Qxd6+ Kxd6 61. Kg3 Ke5 62. Kf2 0-1

[Event "Scarborough CC Jack Frost U2000"]
[Site "Toronto CAN"]
[Date "2011.01.20"]
[Round "3"]
[White "Masoud, Jizan"]
[Black "Rutherdale, William"]
[Result "0-1"]
[WhiteElo "1805"]
[BlackElo "1719"]
[PlyCount "83"]
[GameId "2160767909829671"]
[EventDate "2011.01.06"]
[EventType "swiss"]
[EventRounds "7"]
[EventCountry "CAN"]

1. e4 e5 2. Nf3 Nc6 3. Bc4 Bc5 4. Nc3 Nf6 5. Na4 Be7 6. O-O d6 7. d4 Bg4 8. Bb5 exd4 9. Qxd4 Bxf3 10. Bxc6+ bxc6 11. gxf3 Qd7 12. Qc3 c5 13. b3 Qh3 14. Bf4 Nh5 15. Bg3 Bf6 16. e5 Nxg3 17. fxg3 Bxe5 18. Rae1 O-O 19. Qa5 Rae8 20. f4 Bd4+ 21. Kh1 Re3 22. Rg1 Qd7 23. Qd2 Rfe8 24. Rxe3 Bxe3 25. Qd1 Bxg1 26. Kxg1 Qe6 27. Kf2 Qe3+ 28. Kf1 h6 29. Nb2 Qe4 30. Kf2 Qd4+ 31. Qxd4 cxd4 32. Nc4 Kf8 33. Na5 Re3 34. Nc6 Rc3 35. Nxd4 c5 36. Nb5 Rxc2+ 37. Ke3 Ke7 38. Nxa7 Rxa2 39. Nb5 Rxh2 40. Nc3 Rb2 41. b4 Rb3 42. Kd2 0-1

[Event "Scarborough CC Jack Frost U2000"]
[Site "Toronto CAN"]
[Date "2011.01.20"]
[Round "3"]
[White "Paterson, Jim"]
[Black "Huston, Scott"]
[Result "0-1"]
[WhiteElo "1868"]
[BlackElo "1713"]
[PlyCount "86"]
[GameId "2160767909829672"]
[EventDate "2011.01.06"]
[EventType "swiss"]
[EventRounds "7"]
[EventCountry "CAN"]

1. e4 c5 2. Nc3 Nc6 3. f4 e6 4. Nf3 d5 5. d3 dxe4 6. Nxe4 Nf6 7. Bd2 g6 8. Bc3 Nd4 9. Be2 b6 10. Nf2 Bg7 11. Nxd4 cxd4 12. Bd2 Bb7 13. Bf3 Bxf3 14. Qxf3 O-O 15. O-O Rc8 16. Rac1 Qd7 17. b3 Nd5 18. Ne4 Rc7 19. Rf2 Rfc8 20. Be1 Qe7 21. Qd1 Ne3 22. Qd2 Rxc2 23. Rxc2 Rxc2 24. Qxc2 Nxc2 25. Rxc2 Qd7 26. Bh4 f5 27. Nf6+ Bxf6 28. Bxf6 Qb5 29. Rc4 Qa5 30. Kf1 Qxa2 31. Bxd4 Qxb3 32. Rc8+ Kf7 33. Rc7+ Ke8 34. Ke2 Qd5 35. Ke3 Qxg2 36. Be5 Qxh2 37. Rxa7 h5 38. Ra8+ Kd7 39. Ra7+ Kc6 40. Rc7+ Kb5 41. Rg7 Qg3+ 42. Kd4 h4 43. Bc7 Qg1+ 0-1

[Event "Scarborough CC Jack Frost U2000"]
[Site "Toronto CAN"]
[Date "2011.01.20"]
[Round "3"]
[White "Philip, Andrew"]
[Black "Ward, Dean"]
[Result "0-1"]
[WhiteElo "1605"]
[BlackElo "1821"]
[PlyCount "112"]
[GameId "2160767909829673"]
[EventDate "2011.01.06"]
[EventType "swiss"]
[EventRounds "7"]
[EventCountry "CAN"]

1. d4 Nf6 2. Bg5 Ne4 3. Bf4 e6 4. f3 Nf6 5. e4 d5 6. e5 Nfd7 7. Be3 c5 8. c3 Nc6 9. Ne2 Be7 10. g3 O-O 11. Bh3 Qb6 12. Qd2 Na5 13. Na3 cxd4 14. Bxd4 Qc6 15. Nc2 Nc4 16. Qc1 Ncxe5 17. O-O Nd3 18. Qb1 e5 19. Be3 Qb5 20. b4 Nxb4 21. Nc1 d4 22. cxd4 Qc4 23. Nxb4 Bxb4 24. Rf2 exd4 25. Rc2 Bc3 26. Bd2 Qd5 27. Bxc3 dxc3 28. Ne2 Qxf3 29. Nxc3 Ne5 30. Bg2 Qe3+ 31. Kh1 Bf5 32. Qc1 Qxc1+ 33. Rcxc1 Rab8 34. Nb5 Bd7 35. Nd6 b6 36. Rc7 a6 37. Re1 Nd3 38. Re3 Nc5 39. Rc3 Be6 40. a3 g6 41. Kg1 Rfd8 42. Nc4 Bxc4 43. Rxc4 Rd1+ 44. Kf2 Ra1 45. Rc3 Ne6 46. Ra7 a5 47. Bd5 Re8 48. Rf3 Ng5 49. Rf6 Ne4+ 50. Bxe4 Rxe4 51. Rfxf7 Rae1 52. Rg7+ Kf8 53. Rgf7+ Ke8 54. Rxh7 Re7 55. Rh8+ Kf7 56. Rh7+ Kf6 0-1

[Event "Scarborough CC Jack Frost U2000"]
[Site "Toronto CAN"]
[Date "2011.01.20"]
[Round "3"]
[White "Rapoport, Alexander"]
[Black "Zhou, Kevin"]
[Result "1/2-1/2"]
[WhiteElo "1885"]
[BlackElo "1897"]
[PlyCount "115"]
[GameId "2160767909829674"]
[EventDate "2011.01.06"]
[EventType "swiss"]
[EventRounds "7"]
[EventCountry "CAN"]

1. d4 Nf6 2. Nf3 g6 3. g3 Bg7 4. Bg2 d5 5. O-O Nc6 6. Nbd2 Bf5 7. c3 Qd7 8. Nb3 b6 9. Nbd2 Rd8 10. Re1 Ne4 11. Nh4 e5 12. Nxe4 dxe4 13. e3 Ne7 14. Nxf5 gxf5 15. Qh5 Qe6 16. b3 exd4 17. exd4 c5 18. Ba3 cxd4 19. cxd4 Bxd4 20. Rac1 Rd5 21. Rc7 Nc6 22. Rc1 Bc5 23. b4 Nxb4 24. Bxb4 Bxb4 25. Bf1 Qg6 26. Rc8+ Rd8 27. Bb5+ Ke7 28. R8c7+ Kf8 29. Qh4 Kg7 30. Bc4 Rhf8 31. Bxf7 Rxf7 32. Qxd8 Bc5 33. Rxf7+ Qxf7 34. Qg5+ Qg6 35. Qxg6+ hxg6 36. Kf1 Kf6 37. Rd1 Ke5 38. Rd7 a5 39. a4 f4 40. g4 f3 41. Rf7 Ke6 42. Rg7 Kf6 43. Rg8 Kf7 44. Rd8 Ke6 45. h4 Be7 46. Rg8 Kf7 47. Rb8 Bxh4 48. Rxb6 Be7 49. Rb5 Bb4 50. Re5 Kf6 51. Rxe4 Kg5 52. Kg1 Kh4 53. Rc4 g5 54. Rd4 Kh3 55. Rd3 Kxg4 56. Rd4+ Kh5 57. Rxb4 axb4 58. a5 1/2-1/2

[Event "Scarborough CC Jack Frost U2000"]
[Site "Toronto CAN"]
[Date "2011.01.20"]
[Round "3"]
[White "Song, Lin"]
[Black "Zotkin, Daniel"]
[Result "1-0"]
[WhiteElo "1783"]
[BlackElo "1698"]
[PlyCount "77"]
[GameId "2160767909829675"]
[EventDate "2011.01.06"]
[EventType "swiss"]
[EventRounds "7"]
[EventCountry "CAN"]

1. e4 c5 2. Na3 Nc6 3. Bb5 g6 4. Bxc6 bxc6 5. f4 Bg7 6. Ne2 d6 7. d3 Rb8 8. Rb1 Nf6 9. O-O Ba6 10. Ng3 Qb6 11. Nc4 Bxc4 12. dxc4 Qa6 13. b3 Qxa2 14. Be3 Qa5 15. Bd2 Qc7 16. Qe2 O-O 17. e5 dxe5 18. fxe5 Nd7 19. e6 Ne5 20. Bf4 f6 21. Ne4 Qb6 22. Be3 Qc7 23. Nxc5 Rbd8 24. Bf4 Qb6 25. Be3 Qc7 26. Kh1 Qc8 27. Bf4 Rd4 28. c3 Rdd8 29. Ra1 Qa8 30. Ra6 Rc8 31. Rfa1 Rc7 32. Nd7 Rd8 33. Nxe5 fxe5 34. Bxe5 Bxe5 35. Qxe5 Rb7 36. b4 Qc8 37. R6a2 Rd6 38. Re1 c5 39. Rf2 1-0

[Event "Scarborough CC Jack Frost U2000"]
[Site "Toronto CAN"]
[Date "2011.01.20"]
[Round "3"]
[White "Stavropoulos, Greg"]
[Black "Bao, Stephen"]
[Result "1/2-1/2"]
[WhiteElo "1926"]
[BlackElo "1771"]
[PlyCount "48"]
[GameId "2160767909829676"]
[EventDate "2011.01.06"]
[EventType "swiss"]
[EventRounds "7"]
[EventCountry "CAN"]

1. c4 e5 2. Nc3 Nf6 3. Nf3 Nc6 4. d4 exd4 5. Nxd4 Nxd4 6. Qxd4 Be7 7. e4 d6 8. Be2 O-O 9. O-O Re8 10. Be3 Ng4 11. Bxg4 Bxg4 12. f3 Bf6 13. Qd2 Be6 14. b3 a6 15. Rac1 Rc8 16. Rfd1 Qd7 17. Nd5 Bxd5 18. Qxd5 b6 19. c5 bxc5 20. Bxc5 Qb5 21. Bf2 Be5 22. Rc6 Kf8 23. Qc4 Qxc4 24. Rxc4 c5 1/2-1/2

[Event "Scarborough CC Jack Frost U2000"]
[Site "Toronto CAN"]
[Date "2011.01.20"]
[Round "3"]
[White "Ugodnikov, Arkadiy"]
[Black "Spiliotopoulos, Yakos"]
[Result "0-1"]
[WhiteElo "1891"]
[BlackElo "1665"]
[PlyCount "78"]
[GameId "2160767909829677"]
[EventDate "2011.01.06"]
[EventType "swiss"]
[EventRounds "7"]
[EventCountry "CAN"]

1. e4 g6 2. d4 Bg7 3. Nf3 d6 4. Bc4 Nd7 5. O-O h6 6. Re1 e6 7. Nc3 Ne7 8. Bf4 a6 9. a4 b6 10. Qd2 Bb7 11. d5 e5 12. Be3 f5 13. exf5 gxf5 14. g3 Nf8 15. Qe2 Nfg6 16. Kg2 Qd7 17. Ng1 f4 18. Bd2 h5 19. f3 Rg8 20. Bd3 Bf6 21. Ne4 Bh8 22. c4 Nf5 23. Qf2 O-O-O 24. Ne2 Nd4 25. a5 Nh4+ 26. Kh1 Nhxf3 27. Red1 Nxd2 28. Nxd4 Nxe4 29. Bxe4 exd4 30. Qxf4 Rdf8 31. Qd2 Qg4 32. Bg2 h4 33. Ra3 Be5 34. h3 Qg7 35. g4 Rf6 36. axb6 Rgf8 37. bxc7 Qf7 38. Rg1 Rf2 39. Qd3 Qf4 0-1

[Event "Scarborough CC Jack Frost U2000"]
[Site "Toronto CAN"]
[Date "2011.01.20"]
[Round "3"]
[White "Xie, Peter"]
[Black "Sherman, Joshua"]
[Result "0-1"]
[WhiteElo "1631"]
[BlackElo "1933"]
[PlyCount "62"]
[GameId "2160767909829678"]
[EventDate "2011.01.06"]
[EventType "swiss"]
[EventRounds "7"]
[EventCountry "CAN"]

1. e4 e5 2. Nf3 d6 3. d4 Bg4 4. dxe5 Nd7 5. e6 Bxe6 6. Bf4 Qf6 7. Qc1 h6 8. Bd3 Ne7 9. Nc3 O-O-O 10. h4 Ne5 11. Nxe5 dxe5 12. Be3 Nc6 13. a3 Nd4 14. b4 Qg6 15. Kf1 f5 16. Bxd4 exd4 17. Qf4 dxc3 18. exf5 Qf7 19. Qe5 Bc4 20. Qxc3 Bxd3+ 21. cxd3 Qxf5 22. Rh3 Bd6 23. Rf3 Qd7 24. a4 Rhf8 25. Rxf8 Rxf8 26. Kg1 Qf5 27. Rf1 Qf4 28. g3 Qg4 29. Qe1 g5 30. hxg5 hxg5 31. Kg2 Qf3+ 0-1

[Event "Scarborough CC Jack Frost U2000"]
[Site "Toronto CAN"]
[Date "2011.01.27"]
[Round "4"]
[White "Armstrong, Robert J"]
[Black "Muir, Tom"]
[Result "1-0"]
[WhiteElo "1819"]
[BlackElo "1617"]
[PlyCount "67"]
[GameId "2160767909829679"]
[EventDate "2011.01.06"]
[EventType "swiss"]
[EventRounds "7"]
[EventCountry "CAN"]

1. d4 d5 2. c4 c6 3. e3 Nf6 4. Nf3 Bf5 5. Bd3 Bxd3 6. Qxd3 dxc4 7. Qxc4 e6 8. O-O Be7 9. Qc2 Nbd7 10. Nc3 Nd5 11. a3 Nxc3 12. Qxc3 Nf6 13. b4 O-O 14. Bb2 Qd5 15. Ne5 Nd7 16. e4 Qd6 17. f4 Nxe5 18. dxe5 Qc7 19. f5 Bg5 20. Qg3 Bh6 21. f6 Qb6+ 22. Kh1 Qe3 23. Qg4 Qg5 24. Qh3 Qe3 25. Rf3 Qd2 26. Bc3 Qc2 27. Rg3 Rfd8 28. Re1 Rd1 29. Qxh6 Rxe1+ 30. Bxe1 Kf8 31. Qxg7+ Ke8 32. Qg8+ Kd7 33. Qxf7+ Kc8 34. Rg8# 1-0

[Event "Scarborough CC Jack Frost U2000"]
[Site "Toronto CAN"]
[Date "2011.01.27"]
[Round "4"]
[White "Bao, Stephen"]
[Black "Paterson, Jim"]
[Result "1/2-1/2"]
[WhiteElo "1771"]
[BlackElo "1868"]
[PlyCount "66"]
[GameId "2160767909829680"]
[EventDate "2011.01.06"]
[EventType "swiss"]
[EventRounds "7"]
[EventCountry "CAN"]

1. e4 c5 2. Nf3 Nc6 3. d4 cxd4 4. Nxd4 e5 5. Nb5 Nf6 6. Bg5 a6 7. Bxf6 gxf6 8. Nd6+ Bxd6 9. Qxd6 Qe7 10. Qxe7+ Nxe7 11. c4 b6 12. Nc3 Bb7 13. Rd1 Rc8 14. Nd5 Nxd5 15. exd5 d6 16. g3 Ke7 17. b3 Rhg8 18. Bd3 h6 19. f3 Rc7 20. g4 Bc8 21. h3 Bd7 22. a4 Rb8 23. Kf2 b5 24. axb5 axb5 25. Ra1 bxc4 26. Bxc4 Bb5 27. Rhc1 Bxc4 28. bxc4 Rb4 29. c5 Rxc5 30. Ra7+ Kf8 31. Ra8+ Ke7 32. Ra7+ Kf8 33. Ra8+ Ke7 1/2-1/2

[Event "Scarborough CC Jack Frost U2000"]
[Site "Toronto CAN"]
[Date "2011.01.27"]
[Round "4"]
[White "Huston, Scott"]
[Black "Sherman, Joshua"]
[Result "1/2-1/2"]
[WhiteElo "1713"]
[BlackElo "1933"]
[PlyCount "56"]
[GameId "2160767909829681"]
[EventDate "2011.01.06"]
[EventType "swiss"]
[EventRounds "7"]
[EventCountry "CAN"]

1. d4 Nf6 2. c4 e5 3. dxe5 Ng4 4. Bf4 Nc6 5. Nc3 Ngxe5 6. e3 Bc5 7. Nf3 Ng6 8. Bg3 d6 9. Be2 Nce7 10. O-O Nf5 11. b4 Bxe3 12. fxe3 Nxe3 13. Qd4 Nxf1 14. Rxf1 O-O 15. c5 dxc5 16. Qxc5 c6 17. Bd6 Re8 18. Ng5 b6 19. Qxc6 Be6 20. Nxf7 Qc8 21. Qf3 Nh4 22. Qh5 Qxc3 23. Nh6+ gxh6 24. Qxh4 Qe3+ 25. Rf2 Qc1+ 26. Bf1 Qg5 27. Qd4 Qd5 28. Qf4 Qg5 1/2-1/2

[Event "Scarborough CC Jack Frost U2000"]
[Site "Toronto CAN"]
[Date "2011.01.27"]
[Round "4"]
[White "Maister, Martin"]
[Black "Verde, Pino"]
[Result "1-0"]
[WhiteElo "1814"]
[BlackElo "1724"]
[PlyCount "103"]
[GameId "2160767909829682"]
[EventDate "2011.01.06"]
[EventType "swiss"]
[EventRounds "7"]
[EventCountry "CAN"]

1. c4 Nf6 2. Nc3 e5 3. g3 Bc5 4. Bg2 c6 5. e3 Na6 6. Nge2 Nb4 7. d3 d6 8. a3 Na6 9. O-O h5 10. b4 Bb6 11. d4 h4 12. b5 cxb5 13. cxb5 Nc7 14. dxe5 dxe5 15. Qxd8+ Kxd8 16. Bb2 hxg3 17. hxg3 Ke7 18. Na4 Nxb5 19. Nxb6 axb6 20. a4 Nd6 21. Bxe5 Bd7 22. Rfd1 Nc4 23. Bxf6+ gxf6 24. Bxb7 Rab8 25. Bg2 Ne5 26. Nc3 Bc6 27. Bxc6 Nxc6 28. Nd5+ Ke6 29. Rab1 Ne5 30. Kg2 Ng4 31. f3 Ne5 32. Rxb6+ Rxb6 33. Nxb6 Rb8 34. a5 Nc6 35. Nc4 Nb4 36. Rb1 Nc6 37. Rxb8 Nxb8 38. e4 Na6 39. f4 f5 40. e5 f6 41. exf6 Kxf6 42. Kf3 Ke6 43. Ne3 Nc5 44. Ke2 Kf6 45. Kd1 Ke6 46. Kc2 Kf6 47. Kc3 Ke6 48. Kc4 Ne4 49. a6 Nd6+ 50. Kc5 Kd7 51. a7 Nb7+ 52. Kd5 1-0

[Event "Scarborough CC Jack Frost U2000"]
[Site "Toronto CAN"]
[Date "2011.01.27"]
[Round "4"]
[White "Moran-Venegas, Mario"]
[Black "Spiliotopoulos, Yakos"]
[Result "0-1"]
[WhiteElo "1693"]
[BlackElo "1665"]
[PlyCount "76"]
[GameId "2160767909829683"]
[EventDate "2011.01.06"]
[EventType "swiss"]
[EventRounds "7"]
[EventCountry "CAN"]

1. e4 g6 2. d4 Bg7 3. c3 d6 4. f4 Nd7 5. Nf3 c5 6. Bd3 b6 7. O-O Bb7 8. Nbd2 Ngf6 9. e5 dxe5 10. fxe5 Ng4 11. Ne4 cxd4 12. cxd4 O-O 13. h3 Nh6 14. Neg5 e6 15. g4 Qe7 16. Ne4 Rad8 17. Bg5 f6 18. Nxf6+ Nxf6 19. exf6 Rxf6 20. Bxf6 Bxf6 21. Bc4 Kg7 22. Rc1 Bxf3 23. Qxf3 Bxd4+ 24. Kg2 Bxb2 25. Rc2 Bd4 26. Qe4 e5 27. Bb3 Bc5 28. Re2 Bd4 29. Rc1 Nf5 30. Rf1 Nh6 31. Rd1 Qg5 32. Qb7+ Kh8 33. Qe4 Nf5 34. Bd5 Ne3+ 35. Rxe3 Qxe3 36. Qxe3 Bxe3 37. Kf3 Bd4 38. Ke2 Rxd5 0-1

[Event "Scarborough CC Jack Frost U2000"]
[Site "Toronto CAN"]
[Date "2011.01.27"]
[Round "4"]
[White "Rutherdale, William"]
[Black "Su, Stanley"]
[Result "0-1"]
[WhiteElo "1719"]
[BlackElo "1788"]
[PlyCount "44"]
[GameId "2160767909829684"]
[EventDate "2011.01.06"]
[EventType "swiss"]
[EventRounds "7"]
[EventCountry "CAN"]

1. d4 Nf6 2. c4 g6 3. Nf3 Bg7 4. Nc3 d6 5. g3 O-O 6. Bg2 Nbd7 7. O-O c6 8. Re1 e5 9. Bg5 Qc7 10. e3 h6 11. Bxf6 Nxf6 12. Rc1 Bg4 13. h3 Bxf3 14. Bxf3 Nh7 15. d5 f5 16. e4 f4 17. g4 c5 18. a3 Qe7 19. Qd3 Qh4 20. Rc2 Qxh3 21. Qe2 Ng5 22. Bg2 Qxg2+ 0-1

[Event "Scarborough CC Jack Frost U2000"]
[Site "Toronto CAN"]
[Date "2011.01.27"]
[Round "4"]
[White "Sharpe, Michael"]
[Black "Jizan, Masoud"]
[Result "1-0"]
[WhiteElo "1700"]
[BlackElo "1805"]
[PlyCount "80"]
[GameId "2160767909829685"]
[EventDate "2011.01.06"]
[EventType "swiss"]
[EventRounds "7"]
[EventCountry "CAN"]

1. e4 c5 2. Nf3 Nc6 3. d4 e6 4. Nc3 d5 5. exd5 exd5 6. h3 a6 7. a4 Nf6 8. Bg5 Be7 9. Be2 O-O 10. O-O Re8 11. Be3 c4 12. b3 Qa5 13. Na2 c3 14. Bd3 Ne4 15. Ne5 Nxe5 16. dxe5 Nc5 17. b4 Qc7 18. bxc5 Bxc5 19. Bf4 f6 20. Bxh7+ Kf8 21. Bg6 fxe5 22. Bg5 Re6 23. Qf3+ Kg8 24. Qh5 Rxg6 25. Qxg6 b5 26. Nxc3 Bxf2+ 27. Rxf2 Qxc3 28. Raf1 Qc5 29. Kh1 Bxh3 30. Bh6 Ra7 31. Rf7 Bxg2+ 32. Kxg2 Qxc2+ 33. Qxc2 Rxf7 34. Rxf7 Kxf7 35. Qf5+ Ke8 36. Bxg7 e4 37. Qxd5 e3 38. Qe6+ Kd8 39. Qxa6 b4 40. Qb6+ Kd7 1-0

[Event "Scarborough CC Jack Frost U2000"]
[Site "Toronto CAN"]
[Date "2011.01.27"]
[Round "4"]
[White "Ward, Dean"]
[Black "Manalo, Pepin"]
[Result "1-0"]
[WhiteElo "1821"]
[BlackElo "1811"]
[PlyCount "91"]
[GameId "2160767909829686"]
[EventDate "2011.01.06"]
[EventType "swiss"]
[EventRounds "7"]
[EventCountry "CAN"]

1. d4 Nf6 2. c4 e6 3. Nc3 c5 4. Nf3 cxd4 5. Nxd4 Nc6 6. Ndb5 d6 7. Bg5 a6 8. Bxf6 gxf6 9. Nd4 Qb6 10. Nb3 Ne5 11. e3 Bd7 12. Rb1 Bc6 13. Nd4 Bd7 14. Be2 Rg8 15. O-O f5 16. Nf3 Ng4 17. h3 Nf6 18. Nd4 e5 19. Nf3 f4 20. exf4 Bxh3 21. Ng5 Bf5 22. Nd5 Nxd5 23. Qxd5 Qc7 24. Rbe1 h6 25. Ne4 O-O-O 26. Bf3 Be6 27. Qd2 f5 28. Nf6 Rg6 29. Nd5 Qg7 30. fxe5 Bxd5 31. Qxd5 dxe5 32. Qxe5 Qf7 33. Bd5 Qg7 34. Be6+ Rxe6 35. Qxe6+ Kb8 36. Qe5+ Qc7 37. Qxc7+ Kxc7 38. Rd1 Rc8 39. Rd5 f4 40. Rf5 Bd6 41. c5 Be7 42. Rxf4 Bxc5 43. Rc4 Kb8 44. Rfc1 b6 45. b4 Bxf2+ 46. Kxf2 1-0

[Event "Scarborough CC Jack Frost U2000"]
[Site "Toronto CAN"]
[Date "2011.01.27"]
[Round "4"]
[White "Zotkin, Daniel"]
[Black "Philip, Andrew"]
[Result "0-1"]
[WhiteElo "1698"]
[BlackElo "1605"]
[PlyCount "108"]
[GameId "2160767909829687"]
[EventDate "2011.01.06"]
[EventType "swiss"]
[EventRounds "7"]
[EventCountry "CAN"]

1. e4 d5 2. exd5 Qxd5 3. Nf3 Nf6 4. Nc3 Qd6 5. d4 c6 6. Bc4 Bg4 7. Be3 e6 8. O-O Nbd7 9. a4 Nb6 10. Be2 Be7 11. Qd2 O-O 12. Ne5 Bxe2 13. Nxe2 Nbd5 14. Nf4 Nxe3 15. fxe3 c5 16. c3 Rfd8 17. Nfd3 Qc7 18. Qc2 cxd4 19. exd4 Rxd4 20. Qf2 Rd5 21. Kh1 Bd6 22. Nf3 Rxd3 23. Qc2 Rd5 24. c4 Rh5 25. h3 Rd8 26. Rad1 Bc5 27. Rxd8+ Qxd8 28. Rd1 Qc7 29. Nd4 Bxd4 30. Rxd4 g6 31. Qf2 Rf5 32. Qe2 Qe5 33. Qxe5 Rxe5 34. Rd8+ Kg7 35. Rb8 b6 36. Rb7 Ra5 37. b3 Ne4 38. Kg1 Nd2 39. b4 Rxa4 40. c5 bxc5 41. bxc5 Rc4 42. Rxa7 Rxc5 43. Ra2 Ne4 44. Re2 f5 45. g4 Rc3 46. gxf5 exf5 47. Kh2 Kf6 48. h4 h5 49. Ra2 Rd3 50. Ra6+ Rd6 51. Ra2 Rd2+ 52. Rxd2 Nxd2 53. Kg3 Ke5 54. Kh3 Ke4 0-1

[Event "Scarborough CC Jack Frost U2000"]
[Site "Toronto CAN"]
[Date "2011.02.03"]
[Round "5"]
[White "Armstrong, Robert J"]
[Black "Zhang, John"]
[Result "0-1"]
[WhiteElo "1918"]
[BlackElo "1617"]
[PlyCount "36"]
[GameId "2160767909829688"]
[EventDate "2011.01.06"]
[EventType "swiss"]
[EventRounds "7"]
[EventCountry "CAN"]

1. d4 Nf6 2. c4 g6 3. Nc3 Bg7 4. e4 d6 5. f3 O-O 6. Be3 e5 7. Nge2 Nc6 8. d5 Ne7 9. g4 Bd7 10. Ng3 c5 11. Qd2 Bxg4 12. fxg4 Nxg4 13. Be2 Nxe3 14. Qxe3 f5 15. exf5 Nxf5 16. Nxf5 Rxf5 17. O-O-O Qf8 18. Bg4 Bh6 0-1

[Event "Scarborough CC Jack Frost U2000"]
[Site "Toronto CAN"]
[Date "2011.02.03"]
[Round "5"]
[White "Bellomo, Joe"]
[Black "Ugodnikov, Arkadiy"]
[Result "1-0"]
[WhiteElo "1701"]
[BlackElo "1891"]
[PlyCount "89"]
[GameId "2160767909829689"]
[EventDate "2011.01.06"]
[EventType "swiss"]
[EventRounds "7"]
[EventCountry "CAN"]

1. e4 e5 2. Nf3 Nc6 3. Bb5 a6 4. Ba4 Nf6 5. O-O Be7 6. Re1 b5 7. Bb3 d6 8. c3 O-O 9. h3 Bb7 10. Bc2 Re8 11. d3 h6 12. Nbd2 Bf8 13. Nf1 d5 14. exd5 Nxd5 15. Ng3 Qd7 16. Nh2 b4 17. Bd2 Rad8 18. Ng4 f5 19. Ne3 Nxe3 20. fxe3 Bd6 21. Qh5 Rf8 22. Ne2 Rf6 23. Rf1 Rdf8 24. d4 exd4 25. exd4 f4 26. Nxf4 Bxf4 27. Bxf4 Rxf4 28. Rxf4 Rxf4 29. Qg6 Nxd4 30. cxd4 Qxd4+ 31. Kh2 Qe5 32. Qh7+ Kf7 33. Qg6+ Kf8 34. Qg3 Qf6 35. Rg1 c5 36. Bh7 g5 37. Qb3 Qf7 38. Qd3 Rd4 39. Qb1 Qf4+ 40. Kh1 Rd2 41. Qe1 Rxb2 42. Bg6 Bc6 43. Be8 Bb5 44. Bxb5 axb5 45. Rf1 1-0

[Event "Scarborough CC Jack Frost U2000"]
[Site "Toronto CAN"]
[Date "2011.02.03"]
[Round "5"]
[White "Muir, Tom"]
[Black "Zotkin, Daniel"]
[Result "0-1"]
[WhiteElo "1698"]
[BlackElo "1617"]
[PlyCount "110"]
[GameId "2160767909829690"]
[EventDate "2011.01.06"]
[EventType "swiss"]
[EventRounds "7"]
[EventCountry "CAN"]

1. e4 c5 2. Nf3 Nc6 3. d4 cxd4 4. Nxd4 g6 5. Nc3 Bg7 6. Be3 Nf6 7. Be2 O-O 8. Qd2 d6 9. O-O-O Bd7 10. f3 a6 11. Bh6 Nxd4 12. Bxg7 Nxe2+ 13. Qxe2 Kxg7 14. e5 dxe5 15. Qxe5 Kg8 16. g4 Qe8 17. h4 Bc6 18. Rhf1 Nd7 19. Qe3 Qb8 20. h5 Qe5 21. Qf2 Qf4+ 22. Kb1 Ne5 23. Nd5 Bxd5 24. Rxd5 Rad8 25. Qc5 Rxd5 26. Qxd5 Nxg4 27. hxg6 hxg6 28. Qxb7 Ne3 29. Rf2 Qd4 30. a3 Qd1+ 31. Ka2 Qd5+ 32. Qxd5 Nxd5 33. c4 Ne3 34. c5 Rc8 35. b4 a5 36. Kb3 Kg7 37. Re2 Nf5 38. Rd2 Kf6 39. Rd3 Ke5 40. Kc4 axb4 41. axb4 Nd6+ 42. Kb3 Nb7 43. Rd7 Nxc5+ 44. bxc5 Ke6 45. Rd3 Rxc5 46. f4 Kf5 47. Rd7 Kxf4 48. Rxe7 f5 49. Ra7 g5 50. Ra4+ Kf3 51. Kb4 Re5 52. Ra3+ Kg4 53. Kc4 f4 54. Kd4 Re3 55. Ra5 Rg3 0-1